| 000 | 00774nam a22002651c 4500 | ||
|---|---|---|---|
| 001 | a987675786 | ||
| 008 | 160225s2012 gw |||| 000u rus d | ||
| 020 |
_a9785824317336 _9978-5-8243-1733-6 |
||
| 041 | _arus | ||
| 100 | 1 | _aTyrkova, Ariadna V. | |
| 245 | 0 | 0 |
_aNasledie Ariadny Vladimirovny Tyrkovoj : _bdnevniki, pis'ma |
| 264 |
_aMoskva : _bROSSPEN, _c2012 |
||
| 300 | _a1100 S. | ||
| 600 | 0 | _aTyrkova-Williams, Ariadna | |
| 650 | 0 | _aExil | |
| 651 | 0 | _aRussland | |
| 651 | 0 | _aSowjetunion | |
| 655 | 0 | _aBriefsammlung | |
| 700 | 1 |
_aKaniščeva, N. I. _eHerausgeberIn |
|
| 710 | 2 | _aGosudarstvennyj archiv Rossijskoj Federacii | |
| 710 | 2 | _aRossijskij gos. archiv social'no-političeskoj istorii | |
| 942 | _cMG | ||
| 040 | _cRU-10907106 | ||
| 003 | RU-10907106 | ||
| 999 |
_c34201 _d34201 |
||